000 005120000a22001810004500
003 MACL
005 20160305130338.0
008 160305b xxu||||| |||| 00| 0 eng d
040 _aMACL
_cMACL
041 _aHindi
082 _a891.432
100 _aवर्मा रामकुमार
_941290
245 _aपृथ्‍वी का स्‍वर्ग
260 _bसाथी प्राकशन
_aसागर
350 _a2.25
650 _aDrama
_943004
942 _cHIN
_k891.432
_2ddc
999 _c25408
_d25408